Pupil marks and school marking systems; (Record no. 34451)

MARC details
000 -LEADER
fixed length control field 00768cam a22002411 4500
001 - CONTROL NUMBER
control field hew63000141
003 - CONTROL NUMBER IDENTIFIER
control field DLC
005 - DATE AND TIME OF LATEST TRANSACTION
control field 20260227111512.0
008 - FIXED-LENGTH DATA ELEMENTS--GENERAL INFORMATION
fixed length control field 771011s1963 dcu b f000 0 eng
010 ## - LIBRARY OF CONGRESS CONTROL NUMBER
LC control number hew63000141
035 ## - SYSTEM CONTROL NUMBER
System control number (OCoLC)3333957
040 ## - CATALOGING SOURCE
Original cataloging agency DLC
Transcribing agency GAuA
Modifying agency OCoLC
-- DLC
042 ## - AUTHENTICATION CODE
Authentication code premarc
050 00 - LIBRARY OF CONGRESS CALL NUMBER
Classification number Z5814.G8
Item number U5
110 1# - MAIN ENTRY--CORPORATE NAME
Corporate name or jurisdiction name as entry element United States.
Subordinate unit Office of Education.
245 10 - TITLE STATEMENT
Title Pupil marks and school marking systems;
Remainder of title a selected bibliography
Statement of responsibility, etc. [prepared by Edith S. Greer.
260 ## - PUBLICATION, DISTRIBUTION, ETC.
Place of publication, distribution, etc. Washington,
Name of publisher, distributor, etc. U.S. Govt. Print. Off.,
Date of publication, distribution, etc. 1963]
300 ## - PHYSICAL DESCRIPTION
Extent 22 p.
Dimensions 26 cm.
500 ## - GENERAL NOTE
General note "OE-20051."
650 #0 - SUBJECT ADDED ENTRY--TOPICAL TERM
Topical term or geographic name entry element Grading and marking (Students)
Form subdivision Bibliography.
700 1# - ADDED ENTRY--PERSONAL NAME
Personal name Greer, Edith Christine Simanek,
Dates associated with a name 1904-
740 0# - ADDED ENTRY--UNCONTROLLED RELATED/ANALYTICAL TITLE
Uncontrolled related/analytical title School marking systems.

No items available.

Powered by Koha